[Event "Cali Region-ch U14 Girls"]
[Site "Cali"]
[Date "2013.04.07"]
[Round "5.3"]
[White "Cardoso Cardoso, Jaidy Marcela"]
[Black "Villamil Tusarma, Jennifer Andre"]
[Result "1-0"]
[WhiteElo "1616"]
[BlackElo "1400"]
[PlyCount "59"]
[EventDate "2013.04.04"]
[EventType "swiss"]
[EventRounds "6"]
[EventCountry "COL"]
[SourceTitle "EXT 2024"]
[Source "ChessBase"]
[SourceDate "2023.10.10"]
[SourceVersion "1"]
[SourceVersionDate "2023.10.10"]
[SourceQuality "1"]

1. d4 e6 2. c4 Nc6 3. Nc3 Nf6 4. Bg5 Be7 5. Nf3 h6 6. Bh4 0-0 7. e3 d6 8. Bd3 e5 9. Qc2 exd4 10. Nxd4 Nxd4 11. exd4 Re8 12. 0-0 c6 13. Rfe1 c5 14. d5 Qd7 15. Nb5 a6 16. Bxf6 axb5 17. Bxe7 Rxe7 18. Rxe7 Qxe7 19. cxb5 Qf6 20. Re1 g6 21. a4 Bf5 22. b3 Bxd3 23. Qxd3 Kg7 24. h3 Rc8 25. a5 Rb8 26. b6 Qd8 27. Qb5 Ra8 28. Ra1 Qf6 29. Ra4 Qd4 30. Rxd4 1-0

[Event "Cali Region-ch U14 Girls"]
[Site "Cali"]
[Date "2013.04.07"]
[Round "6.3"]
[White "Villamil Tusarma, Jennifer Andre"]
[Black "Viveros Torres, Erica Johana"]
[Result "0-1"]
[WhiteElo "1400"]
[BlackElo "1501"]
[PlyCount "82"]
[EventDate "2013.04.04"]
[EventType "swiss"]
[EventRounds "6"]
[EventCountry "COL"]
[SourceTitle "EXT 2024"]
[Source "ChessBase"]
[SourceDate "2023.10.10"]
[SourceVersion "1"]
[SourceVersionDate "2023.10.10"]
[SourceQuality "1"]

1. e4 e5 2. Nf3 Nc6 3. Nc3 Bc5 4. Bb5 Nge7 5. d3 h6 6. 0-0 0-0 7. Bd2 d6 8. h3 a6 9. Bxc6 Nxc6 10. Na4 Ba7 11. Qe2 Re8 12. g3 Bxh3 13. Rfe1 Bg4 14. Kg2 Nd4 15. Qf1 Bxf3+ 16. Kh2 Nxc2 17. Rac1 Nxe1 18. Rxe1 Re6 19. Qh3 Rg6 20. Rg1 h5 21. Be1 Qf6 22. Nc3 c6 23. b4 Bg4 24. Qg2 Qf3 25. Qxf3 Bxf3 26. Rf1 Re8 27. a4 Ree6 28. b5 Bb6 29. bxa6 bxa6 30. Na2 Be2 31. Rg1 Bxd3 32. f3 Bxg1+ 33. Kxg1 Rgf6 34. Kf2 d5 35. Nb4 Bc4 36. Nxc6 Rxc6 37. Ke3 dxe4 38. Kxe4 Rb6 39. Kxe5 Rxf3 40. Ke4 Ra3 41. a5 Rg6 0-1